| 000 -LEADER |
| fixed length control field |
00356nam a22001331a 4500 |
| 082 ## - DEWEY DECIMAL CLASSIFICATION NUMBER |
| Classification number |
S 294.5923 |
| Item number |
SRI.4 |
| 245 ## - TITLE STATEMENT |
| Title |
Srimanmahabharatam (v.4): |
| Remainder of title |
Dronaparva, Karnaparva/ |
| 260 ## - PUBLICATION, DISTRIBUTION, ETC. |
| Place of publication, distribution, etc. |
Delhi: |
| Name of publisher, distributor, etc. |
Nag, |
| Date of publication, distribution, etc. |
1988. |
| 650 ## - SUBJECT ADDED ENTRY--TOPICAL TERM |
| Topical term or geographic name entry element |
Mahabharata |
| 9 (RLIN) |
134137 |
| 650 ## - SUBJECT ADDED ENTRY--TOPICAL TERM |
| Topical term or geographic name entry element |
Vedic Literature |
| 9 (RLIN) |
134138 |
| 650 ## - SUBJECT ADDED ENTRY--TOPICAL TERM |
| Topical term or geographic name entry element |
Hinduism |
| 9 (RLIN) |
134139 |
| 650 ## - SUBJECT ADDED ENTRY--TOPICAL TERM |
| Topical term or geographic name entry element |
Religion |
| 9 (RLIN) |
134140 |
| 942 ## - ADDED ENTRY ELEMENTS (KOHA) |
| Koha item type |
Reference |